书目信息 |
| 题名: |
工厂供电
|
|
| 作者: | 刘学军 主编 ;吕欣 , 刘德君 , 王卓 编写 | |
| 分册: | ||
| 出版信息: | 北京 中国电力出版社 2015 |
|
| 页数: | 373页 | |
| 开本: | 26cm | |
| 丛书名: | 普通高等教育“十二五”规划教材 | |
| 单 册: | ||
| 中图分类: | TM727.3-43 | |
| 科图分类: | ||
| 主题词: | 工厂--gong chang--供电--高等教育--教材 | |
| 电子资源: | ||
| ISBN: | 978-7-5123-6786-9 | |
| 000 | 01666nam 2200337 450 | |
| 001 | 012001003602 | |
| 005 | 20191210111103.93 | |
| 010 | @a978-7-5123-6786-9@dCNY43.00 | |
| 099 | @aCAL 012015108794 | |
| 100 | @a20150923d2015 ekmy0chiy50 ea | |
| 101 | 0 | @achi |
| 102 | @aCN@b110000 | |
| 105 | @aak a 000yy | |
| 106 | @ar | |
| 200 | 1 | @a工厂供电@Agong chang gong dian@f主编刘学军@g编写吕欣, 刘德君, 王卓 |
| 205 | @a第2版 | |
| 210 | @a北京@c中国电力出版社@d2015 | |
| 215 | @a373页@c图@d26cm | |
| 225 | 2 | @a普通高等教育“十二五”规划教材@Apu tong gao deng jiao yu “ shi er wu ” gui hua jiao cai |
| 320 | @a有书目 (第373页) | |
| 330 | @a本书介绍了工厂供电系统的基本知识、基本理论、系统运行和管理及计算方法。本书注重基本理论的系统性、实用性与技术的先进性,介绍了供电技术的新发展和国家标准规范的新要求。本书共十章,主要 内容包括工厂供电系统和电力系统的基本知识,主要电气设备介绍,电力负荷计算及无功功率补偿,短路电流计算,高、低压电气设备的选择与校验,供电系统的继电保护,供电系统的二次回路、自动装置及其自动化,供电系统的过电压、防雷、接地和电气安全,电气照明。每章配有丰富的例题、思考题与习题,并附有部分习题参考答案,便于自学。附录中有常用电气设备和开关电器技术数据,可供课程设计和毕业设计使用。 | |
| 333 | @a本书主要作为高等院校电气工程及其自动化专业和自动化专业的本科教材。 | |
| 410 | 0 | @12001^@a普通高等教育“十二五”规划教材 |
| 606 | 0 | @a工厂@Agong chang@x供电@x高等教育@j教材 |
| 690 | @aTM727.3-43@v5 | |
| 701 | 0 | @a刘学军@Aliu xue jun@4主编 |
| 702 | 0 | @a吕欣@Alü xin@4编写 |
| 702 | 0 | @a刘德君@Aliu de jun@4编写 |
| 702 | 0 | @a王卓@Awang zhuo@4编写 |
| 801 | 2 | @aCN@b上海新华@c20191020 |
| 905 | @b1205958-60@dTM727.3-43@e9=2@f3 | |
| 工厂供电/主编刘学军/编写吕欣, 刘德君, 王卓.-第2版.-北京:中国电力出版社,2015 |
| 373页:图;26cm.-(普通高等教育“十二五”规划教材) |
| 使用对象:本书主要作为高等院校电气工程及其自动化专业和自动化专业的本科教材。 |
| ISBN 978-7-5123-6786-9:CNY43.00 |
| 本书介绍了工厂供电系统的基本知识、基本理论、系统运行和管理及计算方法。本书注重基本理论的系统性、实用性与技术的先进性,介绍了供电技术的新发展和国家标准规范的新要求。本书共十章,主要 内容包括工厂供电系统和电力系统的基本知识,主要电气设备介绍,电力负荷计算及无功功率补偿,短路电流计算,高、低压电气设备的选择与校验,供电系统的继电保护,供电系统的二次回路、自动装置及其自动化,供电系统的过电压、防雷、接地和电气安全,电气照明。每章配有丰富的例题、思考题与习题,并附有部分习题参考答案,便于自学。附录中有常用电气设备和开关电器技术数据,可供课程设计和毕业设计使用。 |
| ● |
| 相关链接 |
|
|
|
|
正题名:工厂供电
索取号:TM727.3-43/9=2
 
预约/预借
| 序号 | 登录号 | 条形码 | 馆藏地/架位号 | 状态 | 备注 |
| 1 | 1205958 | 212059582 | 第二样本阅览室/ [索取号:TM727.3-43/9=2] | 在馆 | |
| 2 | 1205959 | 212059591 | 第三借阅区/ [索取号:TM727.3-43/9=2] | 在馆 | |
| 3 | 1205960 | 212059608 | 第三借阅区/ [索取号:TM727.3-43/9=2] | 在馆 |